| 000 | 00569nam a22001817a 4500 | ||
|---|---|---|---|
| 005 | 20251108174849.0 | ||
| 008 | 250721s2009 xx 000 0 ara d | ||
| 082 | 1 | 4 | _a551.420956/سلو |
| 100 | 1 | _aالسلوادي، حسن اسماعيل | |
| 245 | 1 | 0 | _aجزر عربية دراسة جغرافية إقليمية / |
| 264 | 1 |
_aصنعاء : _bمركز عبادي للدراسات، _c2009. |
|
| 300 | _a158ص. | ||
| 650 | 1 | 7 | _aأشكال الأراضي |
| 650 | 1 | 7 | _aالجزر |
| 650 | 1 | 7 | _aالبلدان العربية |
| 942 |
_2ddc _cBK |
||
| 999 |
_c120072 _d120072 |
||